Andalusian ceramics in Spain and New Spain (Record no. 326)

MARC details
000 -CABECERA
campo de control de longitud fija 00972nam a2200253 a 4500
001 - NÚMERO DE CONTROL
campo de control BRCA_391
005 - FECHA Y HORA DE LA ÚLTIMA TRANSACCIÓN
campo de control 20190320203004.0
008 - DATOS DE LONGITUD FIJA--INFORMACIÓN GENERAL
campo de control de longitud fija 880329s1987 azua---##b---s001-0#eng-#
020 ## - NÚMERO INTERNACIONAL ESTÁNDAR DEL LIBRO
Número Internacional Estándar del Libro 0816509743
040 ## - FUENTE DE LA CATALOGACIÓN
Centro catalogador/agencia de origen DLC
Centro/agencia transcriptor DLC
Centro/agencia modificador DLC
050 #4 - SIGNATURA TOPOGRÁFICA DE LA BIBLIOTECA DEL CONGRESO
Número de clasificación NK4124.A5
Número de documento/Ítem .L57 1987
100 1# - ENTRADA PRINCIPAL--NOMBRE DE PERSONA
Nombre de persona Lister, Florence Cline
9 (RLIN) 1322
245 10 - MENCIÓN DE TÍTULO
Título Andalusian ceramics in Spain and New Spain
Resto del título a cultural register from the third century B.C. to 1700
Mención de responsabilidad, etc. Florence C. Lister and Robert H. Lister.
260 ## - PUBLICACIÓN, DISTRIBUCIÓN, ETC.
Lugar de publicación, distribución, etc. Tucson
Nombre del editor, distribuidor, etc. University of Arizona
Fecha de publicación, distribución, etc. 1987
300 ## - DESCRIPCIÓN FÍSICA
Extensión XXV, 411 p.
Otras características físicas il. tablas, mapas
Dimensiones 27 cm.
500 ## - NOTA GENERAL
Nota general Incluye glosario e índice alfabético
504 ## - NOTA DE BIBLIOGRAFÍA, ETC.
Nota de bibliografía, etc. Bibliografía: p. [363]-395
650 14 - PUNTO DE ACCESO ADICIONAL DE MATERIA--TÉRMINO DE MATERIA
Término de materia o nombre geográfico como elemento de entrada Cerámica
Subdivisión geográfica Andalucía (España)
9 (RLIN) 1323
650 14 - PUNTO DE ACCESO ADICIONAL DE MATERIA--TÉRMINO DE MATERIA
Término de materia o nombre geográfico como elemento de entrada Cerámica andalusí
Subdivisión geográfica México
9 (RLIN) 1324
650 14 - PUNTO DE ACCESO ADICIONAL DE MATERIA--TÉRMINO DE MATERIA
Término de materia o nombre geográfico como elemento de entrada Industria de la cerámica
Subdivisión general Historia
Subdivisión geográfica Andalucía (España)
9 (RLIN) 1325
651 #4 - PUNTO DE ACCESO ADICIONAL DE MATERIA--NOMBRE GEOGRÁFICO
Nombre geográfico Andalucía (España)
Subdivisión general Antigüedades
9 (RLIN) 1326
700 1# - PUNTO DE ACCESO ADICIONAL--NOMBRE DE PERSONA
Nombre de persona Lister, Robert Hill
Fechas asociadas al nombre 1915-
9 (RLIN) 1327
942 ## - ELEMENTOS DE PUNTO DE ACCESO ADICIONAL (KOHA)
Fuente del sistema de clasificación o colocación Library of Congress Classification
Tipo de ítem Koha Libros
Holdings
Estado de retiro Estado de pérdida Estado dañado No para préstamo Localización permanente Ubicación/localización actual Fecha de adquisición Total de préstamos Signatura topográfica completa Código de barras Fecha visto por última vez Precio válido a partir de Tipo de ítem Koha
El ejemplar forma parte de la colección y puede ser consultado según las políticas vigentes.       Biblioteca del Museo Franz Mayer (Rogerio Casas-Alatriste) Biblioteca del Museo Franz Mayer (Rogerio Casas-Alatriste) 25/06/2008   NK4124.A5 .L57 1987 00691 22/03/2019 22/03/2019 Libros